Skip to content
VuFind
All Fields
Title
Author
Subject
Call Number
ISBN/ISSN
Tag
Accession No
Find
Advanced
Excluding liability in contrac...
Cite this
Print
Export Record
Export to RefWorks
Export to EndNoteWeb
Export to EndNote
Export to MARC
Excluding liability in contracts
Bibliographic Details
Format:
Book
Holdings
Description
Similar Items
Staff View
MARC
LEADER
00000nam a2200000 4500
001
0000009163
005
20220123093000.0
090
0
0
|a
duplicate data
245
0
0
|a
Excluding liability in contracts
|c
Chin Nyuk-Yin
999
|a
1000037225
|b
Book
|c
OPEN SHELF (30 DAYS)
|e
Gong Badak Campus
Similar Items
Muslim women's dress hijab or niqab
IELTS practice tests
Instructor's materials to accompony systems analysis and design
test19112019
مستوى اللغة العربية في المدارس الدينية بكوالا ترنجانو